| 000 | 00982nam a2200277 a 4500 | ||
|---|---|---|---|
| 001 | 000024278 | ||
| 005 | 20200930022854.0 | ||
| 008 | 110125s1988 xxu 000 0 spa d | ||
| 020 | _a0311091180 | ||
| 040 |
_aDO-SdBNP _bspa _cBNPHU |
||
| 041 | 1 | 7 |
_aspa _heng _2Código de idiomas MARC |
| 082 |
_ann* _bnn* |
||
| 100 | 1 |
_aDominy, Bert. _949840 |
|
| 240 | 1 | 0 |
_aGod´s work of salvation. _lEspañol |
| 245 | 1 | 3 |
_aLa salvación: obra de Dios / _cBert Dominy ; traducción de Rubén y Alicia Zorzoli. |
| 260 |
_aEstados Unidos : _bCasa Bautista de Publicaciones, _c1988. |
||
| 300 |
_a156 p. ; _c21 cm. |
||
| 490 | 1 | _aBiblioteca de Doctrina Cristiana | |
| 534 |
_aTítulo original : _tGod´s work of salvation |
||
| 500 | _aIncluye índice de referencias bíblicas. | ||
| 700 | 1 |
_aZorzoli, Rubén, _etr. _949612 |
|
| 700 | 1 |
_aZorzoli, Alicia, _etr. _949841 |
|
| 700 | 1 |
_aGutiérrez, Edna Lee de, _etr. _949839 |
|
| 830 | 0 |
_aBiblioteca de Doctrina Cristiana _948387 |
|
| 049 | _aBNGR | ||
| 999 |
_c23772 _d23772 |
||